| 000 | 00000nas 2200000za 4500 |
| 001 | 9.817043 |
| 003 | CaOODSP |
| 005 | 20221107142403 |
| 007 | cr ||||||||||| |
| 008 | 160506d19761983oncar p oss f000#a0eng|d |
| 022 | |y0705-5781 |
| 040 | |aCaOODSP|beng |
| 041 | |aeng|afre |
| 043 | |an-cn--- |
| 086 | 1 |aCS51-203-PDF |
| 245 | 00|aAir carrier traffic at Canadian airports |h[electronic resource] / |cStatistics Canada, Aviation Statistics Centre, Transportation and Communications Division = Trafic des transporteurs aériens aux aéroports canadiens / Statistique Canada, Centre des statistiques de l'aviation, Division des transports et des communications. |
| 246 | 11|aTrafic des transporteurs aériens aux aéroports canadiens |
| 260 | |aOttawa : |bStatistics Canada = Statistique Canada, |c1977-1984. |
| 310 | |aAnnual |
| 362 | 0 |a1976-1983. |
| 500 | |aDigitized edition from print [produced by Statistics Canada]. |
| 546 | |aText in English and French. |
| 580 | |aContinues in part: Airport activity statistics. |
| 692 | 07|2gccst|aAirports |
| 692 | 07|2gccst|aCivil aviation |
| 710 | 2 |aAviation Statistics Centre (Canada) |
| 710 | 2 |aStatistics Canada. |
| 780 | 00|tAirport activity statistics |w(CaOODSP)9.817031 |
| 785 | 00|tAir carrier traffic at Canadian airports |w(CaOODSP)9.816956 |
| 792 | |tAir carrier traffic at Canadian airports |efre|w(CaOODSP)9.817045 |